000 00544nam a2200181Ia 4500
008 100920s9999 xx 000 0 und d
082 _b86593
_a891.463.1 न 00
100 _aकेकतपुरे माला.
245 _aसांजवात.
260 _bसुशील प्रकाशन, पुणे.
_c2002
300 _a156
_bसाधी
365 _b150
520 _aलघुकथा.
630 _aसांजवात.
650 _aलघुकथा.
730 _aसांजवात.
942 _cBOOK
999 _c727103
_d727100